000 00760nam a22002417a 4500
008 131112b xxu||||| |||| 00| 0 eng d
020 _a1852933178
024 _cAvailable
037 _cAvailable
040 _aMBSTU LIBRARY
_dMBSTU LIBRARY
082 _222
_a363.7BOA
100 _aBochmer Sonya
245 _aAcid politics Environmental and energy policies in Britain and germany
260 _aNew York
_bBehhaven Press
_c1991
300 _a22.5 cm.
_b296page
_f2
_g22.5 cm.
600 _2Environmental problems.
650 _2Environmental problems.
700 _aBochmer Sonya
270 _aNew York
_bNew York
_dUSA
365 _b1762.00
_d1762.00
942 _2ddc
_cBK
999 _c832
_d832